00717nam a2200205Ia 4500008004100000020001800041040001800059041000800077100002100085245009900106260006200205300004000267490004000307650002300347650002400370650002000394650001900414700003800433765004000471130821s sp ab gr spa  a84 241 3171 1 aCo-BoUCMbspa00aspa1 aBarokas, Bernard10aMisterio en el valle de los reyescBernard Barokas ; traducción de Luis Fernández Campillo aMadrid (España)bEditorial Everestc[fecha desconocida] a183 páginasbilustraciones, mapas 0aColección La Torres y la Florv95 aLiteratura europea aLiteratura francesa aNovela francesa aNovela juvenil1 aFernández Campillo, Luisetrad.0 tMystére dans la vallée des rois